000 00570nam a2200205Ia 4500
005 20250508164359.0
008 008 250505s9999 xx 000 0 hin d
037 _aTextual
040 _aFEDL
_beng
_cFEDL
041 _ahin
_2hin
084 _a891.43, CHA
_qFEDL
100 _aChaturvedi Ram Swaroop
245 0 _aHindi gdhya : Vinyas aur vikas
260 _aAllahabad, India
_bLokbharati Prakashan
_c2006
300 _aviii,314p
365 _aINR
_b200
650 _aHindi literature
942 _cTEXL
_h891.43, CHA
999 _c1388850
_d1388850